Lebron Finals - Statistics

General Stats
  • This quiz has been taken 374 times
  • The average score is 8 of 10
Answer Stats
Year Answer % Correct
2007 NO
84%
2011 NO
84%
2014 NO
84%
2015 NO
84%
2017 NO
84%
2012 YES
84%
2013 YES
84%
2016 YES
84%
That makes the Lebrons finals record? 3-5
71%
Which is a percentage of? 37%
46%
No matching quizzes found
Score Distribution
Percent of People with Each Score
Percentile by Number Answered
Your Score History
You have not taken this quiz